Organizacion de computadoras : (Registro nro. 10057)

Detalles MARC
000 -LEADER
fixed length control field 01544nam a2200337 4500
001 - CONTROL NUMBER
control field 0000019148
003 - CONTROL NUMBER IDENTIFIER
control field CO-CtgCURN
005 - DATE AND TIME OF LATEST TRANSACTION
control field 20250329190957.0
007 - PHYSICAL DESCRIPTION FIXED FIELD--GENERAL INFORMATION
fixed length control field ta
008 - FIXED-LENGTH DATA ELEMENTS--GENERAL INFORMATION
fixed length control field 160627s2000 000 0 eng d
020 ## - INTERNATIONAL STANDARD BOOK NUMBER
International Standard Book Number 9701703995
040 ## - CATALOGING SOURCE
Original cataloging agency CO-CtgCURN
Language of cataloging spa
Transcribing agency coctgcurn
082 0# - DEWEY DECIMAL CLASSIFICATION NUMBER
Classification number 621.381952
Item number T164o
100 1# - MAIN ENTRY--PERSONAL NAME
Personal name Tanenbaum, Andrew S.
245 10 - TITLE STATEMENT
Title Organizacion de computadoras :
Remainder of title un enfoque estructurado /
Statement of responsibility, etc. Andrew S. Tanenbaum , con la colaboracion de James R. Goodman , traducción Luis Roberto Escalona García, revision tecnica Alma Corral López.
250 ## - EDITION STATEMENT
Edition statement 4a ed.
260 ## - PUBLICATION, DISTRIBUTION, ETC.
Place of publication, distribution, etc. Mexico :
Name of publisher, distributor, etc. Pearson Educación,
Date of publication, distribution, etc. 2000.
300 ## - PHYSICAL DESCRIPTION
Extent xviii, 669 p.
336 ## - CONTENT TYPE
Source rdacontent
337 ## - MEDIA TYPE
Source rdamedia
Media type term sin mediacion
Media type code n
338 ## - CARRIER TYPE
Source rdacarrier
Carrier type term volumen
Carrier type code nc
500 ## - GENERAL NOTE
General note Incluye resumen al final de cada capitulo.
504 ## - BIBLIOGRAPHY, ETC. NOTE
Bibliography, etc. note Bibliografia (p. 620)
505 8# - FORMATTED CONTENTS NOTE
Formatted contents note Introducción.--Organizacion de los sentidos de computadoras.--El nivel de logica digital.--El nivel de microarquitectura.--El nivel de arquitectura de conjunto de instrucciones.--El nivel de maquinas de sistemas operativos.--El nivel de lenguaje ensamblador.--Arquitecturas de computadoras paralelas.--Listas de lecturas y bibliografias.--Numeros binarios
534 ## - ORIGINAL VERSION NOTE
Main entry of original Titulo original: Structured computer organization.
650 14 - SUBJECT ADDED ENTRY--TOPICAL TERM
Topical term or geographic name entry element Computadores
Form subdivision Organizacion.
700 1# - ADDED ENTRY--PERSONAL NAME
Personal name Goodman, James E.
908 ## - PUT COMMAND PARAMETER (RLIN)
Put command parameter 160627
942 ## - ADDED ENTRY ELEMENTS (KOHA)
Koha item type Libros
Classification part 621.381952
Item part T164o
Source of classification or shelving scheme Dewey Decimal Classification
Existencias
Withdrawn status Lost status Source of classification or shelving scheme Damaged status Not for loan Collection Home library Current library Shelving location Date acquired Inventory number Total checkouts Full call number Barcode Date last seen Price effective from Koha item type Public note
    Dewey Decimal Classification     General Miguel Henríquez Castañeda Miguel Henríquez Castañeda General 03/29/2025 010325   621.381952 T164o 010325 03/29/2025 03/29/2025 Libros 620-ING&OP